000 00531nam a2200169Ia 4500
008 220216s9999 xx 000 0 und d
100 _aIsabel N
_cet al
245 0 _aRAPDs as an aid to evaluate the genetic integrity of somatic embryogenesis-derived populations of Picea mariana(Mill.) B.S.P
260 _bTheoretical and Applied Genetics
_c1993
300 _a81-87
650 _aGenetic marker
650 _aGenetic stability
650 _aPicea mariana
650 _aRAPD
650 _aSomatic embryogenesis
942 _cJS
999 _c66324
_d66324